00576nab a22001697a 4500003000400000005001700004008004100021040000800062080001200070100012400082245009500206260001000301500002600311773004100337942001300378999001500391BPK20160404103549.0160212b1979 pl ||||| |||| 00| 0pol  cBPK a94(438) aPOLAK, Bogusław.d 1979 - 1996.bWyższa Szkoła Inżynierska w Koszalinie - Studium Nauk Społeczno - Politycznych. aZ niepodległościowych tradycji Ziemi gnieźnieńskiej (1794-1945) /cBogusław Polak. c1979. aDane z kartoteki bpp. iW :tZorza. -g1979, nr 19, s. 10-11 2UKDcART c7267d7267